[Event "Rheinland Pfalz op Seniors 16th"]
[Site "Neustadt an der Weinstrasse"]
[Date "2018.07.13"]
[Round "7"]
[White "Thronicke, Klaus Peter"]
[Black "Dushatskiy, Fedor"]
[Result "0-1"]
[WhiteElo "1904"]
[BlackElo "2169"]
[PlyCount "104"]
[EventDate "2018.07.07"]
[EventType "swiss"]
[EventRounds "9"]
[EventCountry "GER"]
[SourceTitle "EXT 2019"]
[Source "ChessBase"]
[SourceDate "2018.10.10"]
[SourceVersion "1"]
[SourceVersionDate "2018.10.10"]
[SourceQuality "1"]

1. d4 Nf6 2. c4 c5 3. e3 g6 4. Nc3 Bg7 5. Nf3 0-0 6. Be2 cxd4 7. exd4 d5 8. cxd5 Nxd5 9. 0-0 Nc6 10. Nxd5 Qxd5 11. Be3 Rd8 12. Rc1 Nxd4 13. Nxd4 Bxd4 14. Bc4 Qe5 15. Re1 Qf6 16. Bxd4 Rxd4 17. Qe2 Kf8 18. Rc3 Bg4 19. f3 Bd7 20. Re3 e6 21. Rd3 Bc6 22. Rxd4 Qxd4+ 23. Kh1 Rd8 24. h3 Qf4 25. Bd3 Qd4 26. Bc4 Kg8 27. Qc2 Qd2 28. Re2 Qxc2 29. Rxc2 Rd7 30. Kg1 Kf8 31. Kf2 Ke7 32. Ke3 e5 33. Rc3 f5 34. Bd3 Kd6 35. Ra3 a6 36. Rc3 Bd5 37. Bb1 Rc7 38. Rxc7 Kxc7 39. a3 f4+ 40. Kd3 b5 41. Ke2 Kd6 42. h4 Kc5 43. h5 gxh5 44. Bxh7 Kd4 45. Bg6 h4 46. Bf5 a5 47. Kd2 e4 48. fxe4 Bxe4 49. Bh3 Ke5 50. Ke2 Bf5 51. Kf2 Bxh3 52. gxh3 a4 0-1

[Event "Pfalz-ch Seniors 86th"]
[Site "Wolfstein"]
[Date "2017.04.08"]
[Round "2"]
[White "Thronicke, Klaus Peter"]
[Black "Diehl, Klaus"]
[Result "1/2-1/2"]
[WhiteElo "1847"]
[BlackElo "2060"]
[PlyCount "77"]
[EventDate "2017.04.07"]
[EventType "swiss"]
[EventRounds "7"]
[EventCountry "GER"]
[SourceTitle "EXT 2018"]
[Source "ChessBase"]
[SourceDate "2017.10.13"]
[SourceVersion "1"]
[SourceVersionDate "2017.10.13"]
[SourceQuality "1"]

1. d4 Nf6 2. Nf3 e6 3. e3 b6 4. Be2 Bb7 5. 0-0 Be7 6. c4 0-0 7. Nc3 d5 8. b3 Nbd7 9. Bb2 c5 10. Rc1 Rc8 11. Re1 dxc4 12. bxc4 cxd4 13. exd4 Bxf3 14. Bxf3 Rxc4 15. Be2 Rc7 16. Qa4 a5 17. Bf3 Bb4 18. Nb5 Rxc1 19. Rxc1 Nd5 20. a3 Bd2 21. Rc2 Bf4 22. g3 Bb8 23. Bc1 h6 24. Qc4 N7f6 25. Nc3 Re8 26. Ne4 Nxe4 27. Bxe4 Qd7 28. Qc6 Qd8 29. Bd2 Bd6 30. a4 Bb4 31. Bxd5 exd5 32. Bxb4 axb4 33. Rb2 Re1+ 34. Kg2 Qg5 35. Qc2 Rc1 36. Qe2 Qf5 37. Qd2 Rc4 38. Rxb4 Qe4+ 39. Kh3 1/2-1/2

[Event "Rheinland Pfalz op Seniors 13th"]
[Site "Neustadt an der Weinstrasse"]
[Date "2015.07.11"]
[Round "2"]
[White "Thronicke, Klaus Peter"]
[Black "Boehler, Karl Heinz"]
[Result "0-1"]
[WhiteElo "1855"]
[BlackElo "2006"]
[PlyCount "142"]
[EventDate "2015.07.10"]
[EventType "swiss"]
[EventRounds "7"]
[EventCountry "GER"]
[SourceTitle "EXT 2019"]
[Source "ChessBase"]
[SourceDate "2018.10.10"]
[SourceVersion "1"]
[SourceVersionDate "2018.10.10"]
[SourceQuality "1"]

1. Nf3 Nf6 2. g3 d5 3. d4 c5 4. c3 e6 5. Bg2 Nc6 6. 0-0 b6 7. Nbd2 Be7 8. Re1 Bb7 9. e4 dxe4 10. Nxe4 Nxe4 11. Rxe4 Bf6 12. Qa4 0-0 13. dxc5 bxc5 14. Qb5 Qb6 15. Qxb6 axb6 16. Re1 Ne7 17. Ne5 Bxg2 18. Kxg2 Bxe5 19. Rxe5 Rfd8 20. Re1 Rd7 21. Be3 Nd5 22. Kf3 Kf8 23. Red1 Ke7 24. c4 Nxe3 25. Rxd7+ Kxd7 26. Kxe3 Kc6 27. a3 Rd8 28. b4 Rd4 29. b5+ Kc7 30. Rc1 e5 31. f4 exf4+ 32. gxf4 f5 33. h4 g6 34. a4 Kd6 35. a5 bxa5 36. Ra1 Rxc4 37. Rxa5 Rb4 38. Ra6+ Kd5 39. Rb6 c4 40. Rb7 Kc5 41. Rxh7 Rxb5 42. Rc7+ Kd5 43. Rd7+ Ke6 44. Rg7 Kf6 45. Rc7 Rb3+ 46. Kd2 Rh3 47. Rxc4 Rxh4 48. Ke3 Rh3+ 49. Kf2 Kg7 50. Rc8 Rh8 51. Rc7+ Kh6 52. Kg3 Rd8 53. Rc3 Rd1 54. Kg2 Rd6 55. Kf3 Rd2 56. Kg3 Kh5 57. Ra3 Rd1 58. Kg2 Kg4 59. Rg3+ Kxf4 60. Rxg6 Rd2+ 61. Kg1 Kf3 62. Ra6 Rd1+ 63. Kh2 f4 64. Ra3+ Kf2 65. Ra2+ Ke3 66. Kg2 f3+ 67. Kg3 Rg1+ 68. Kh2 f2 69. Ra3+ Kd4 70. Ra4+ Kc5 71. Ra5+ Kb6 0-1

[Event "Mehlingen PSB-ch MAT1"]
[Site "Mehlingen"]
[Date "1999.03.29"]
[Round "4"]
[White "Thronicke, Klaus Peter"]
[Black "Lares, Harald"]
[Result "0-1"]
[WhiteElo "1999"]
[BlackElo "1997"]
[PlyCount "120"]
[EventDate "1999.??.??"]
[EventType "tourn"]
[EventRounds "9"]
[EventCountry "GER"]
[SourceTitle "EXT 2001"]
[Source "ChessBase"]
[SourceDate "2000.11.22"]
[SourceVersion "1"]
[SourceVersionDate "2000.11.22"]
[SourceQuality "1"]

1. d4 Nf6 2. c4 c5 3. d5 e6 4. Nc3 exd5 5. cxd5 d6 6. e4 g6 7. Bd3 Bg7 8. Nge2 0-0 9. f3 a6 10. a4 b6 11. 0-0 Nbd7 12. Be3 Re8 13. Ng3 Ne5 14. Be2 Rb8 15. b3 h6 16. Qc1 Kh7 17. Rb1 Re7 18. f4 Neg4 19. Bd2 Ng8 20. Bxg4 Bxg4 21. f5 Nf6 22. h3 Bh5 23. Qc2 b5 24. axb5 axb5 25. Rbe1 b4 26. Nb1 Ra8 27. Bc1 Qe8 28. Nd2 Nxd5 29. Nc4 Bd4+ 30. Kh1 Ra6 31. Nxh5 gxh5 32. f6 Re6 33. e5+ Kg8 34. Qd2 Qf8 35. Nxd6 Bxe5 36. Ne4 Nc3 37. Qd3 Nxe4 38. Rxe4 Rad6 39. Qe2 Bd4 40. Rf3 Kh7 41. Qc2 Kh8 42. Rxe6 Rxe6 43. Qf5 Rxf6 44. Qxh5 Rxf3 45. Qxf3 Qg7 46. Bf4 Qg6 47. Be3 Qb1+ 48. Kh2 Be5+ 49. Bf4 Qf5 50. Bxe5+ Qxe5+ 51. Kh1 Kg7 52. h4 Qe1+ 53. Kh2 Qxh4+ 54. Kg1 Qg5 55. Qe4 h5 56. Qe2 h4 57. Qb2+ Kg6 58. Qc2+ Qf5 59. Qd2 Qe4 60. Qd6+ Qe6 0-1

[Event "Mehlingen PSB-ch MAT1"]
[Site "Mehlingen"]
[Date "1999.03.26"]
[Round "1"]
[White "Thronicke, Klaus Peter"]
[Black "Busch, Lorenz"]
[Result "1/2-1/2"]
[WhiteElo "1999"]
[BlackElo "1950"]
[PlyCount "103"]
[EventDate "1999.??.??"]
[EventType "tourn"]
[EventRounds "9"]
[EventCountry "GER"]
[SourceTitle "EXT 2001"]
[Source "ChessBase"]
[SourceDate "2000.11.22"]
[SourceVersion "1"]
[SourceVersionDate "2000.11.22"]
[SourceQuality "1"]

1. Nf3 Nf6 2. c4 e6 3. Nc3 d5 4. d4 c6 5. e3 Nbd7 6. Bd2 Be7 7. Qc2 0-0 8. Bd3 dxc4 9. Bxc4 Re8 10. 0-0 Nf8 11. Rad1 b5 12. Bd3 a6 13. Ne4 Bb7 14. Ne5 Nxe4 15. Bxe4 Rc8 16. Nxc6 Bxc6 17. Bxc6 Qb6 18. Rc1 f5 19. Bxe8 Rxc2 20. Rxc2 Qb8 21. Bh5 g6 22. Bf3 b4 23. Rc6 a5 24. Rfc1 b3 25. a4 Bb4 26. Rc8 Qb6 27. R1c6 Qa7 28. Bc3 Qe7 29. Be2 Bd6 30. Bxa5 f4 31. Bd8 Qb7 32. Bb5 fxe3 33. fxe3 Ba3 34. bxa3 b2 35. Bd3 Qb3 36. Rc3 Qd1+ 37. Kf2 Qd2+ 38. Kf3 Qd1+ 39. Kf4 Qxd3 40. Rxd3 b1Q 41. Rdc3 Qf1+ 42. Kg3 Kg7 43. Bg5 Qe1+ 44. Kh3 Qe2 45. R3c7+ Kg8 46. Rc5 h5 47. g3 Qg4+ 48. Kg2 Qe2+ 49. Kg1 Qe1+ 50. Kg2 Qe2+ 51. Kg1 Qe1+ 52. Kg2 1/2-1/2